Boj o veľké peniaze Nova mala osem rokov

Bibliographic Details
Main Author: Beránek, Jindřich, 1934- (Author)
Format: Article
Language:Slovak
ISSN:1335 468X
Subjects:

MARC

LEADER 00000nab a2200000 a 4500
001 vtls000784817
003 SK-MaSNL
005 20260302154949.0
008 160324c2002 xo 0 slo
015 |a SNBRB2002/02-07000 
035 |a CLN000136488 
040 |a SNKBUCL  |b slo  |c SNKBUCL  |e AACR2 
041 0 |a slo 
044 |a xo  |c SK 
080 |a 654.197(437.1/.2)  |2 1997 
080 |a 7.097(437.1/.2)  |2 1997 
100 1 |a Beránek, Jindřich,  |d 1934-  |4 aut  |9 852636 
245 1 0 |a Boj o veľké peniaze  |b Nova mala osem rokov  |c Jindřich Beránek 
610 2 7 |a Televízia Nova (Praha, Česko)  |2 snkbucl  |9 852637 
655 7 |a články z novín a časopisov  |2 snkbucl  |9 267496 
773 0 |x 1335 468X  |t Slovo. Politicko-spoločenský týždenník  |g Roč. 4, č. 8 (2002), s. 1 a 11 
850 |a Slovenská národná knižnica v Martine 
852 |a SNK  |b KIS3GCP 
958 |a CZ 
999 |c 1369933  |d 1371863